[Event "Grand Chess Tour Paris (Blitz)"]
[Site "Paris FRA"]
[Date "2017.06.25"]
[EventDate "2017.06.21"]
[Round "16"]
[Result "0-1"]
[White "Magnus Carlsen"]
[Black "Maxime Vachier-Lagrave"]
[WhiteElo "2832"]
[BlackElo "2796"]
[PlyCount "114"]

1. e4 c5 2. Nf3 d6 3. d4 cxd4 4. Nxd4 Nf6 5. Nc3 a6 6. Be2 e5
7. Nf3 h6 8. Nd2 b5 9. Nf1 Bb7 10. Bf3 Nbd7 11. Ne3 Nb6
12. O-O Rc8 13. Qd3 g6 14. Rd1 Be7 15. a4 b4 16. Na2 a5 17. c3
b3 18. Nb4 axb4 19. a5 bxc3 20. axb6 c2 21. Rd2 Qxb6 22. Ra3
O-O 23. Rxb3 Qa7 24. Ra3 Qd4 25. Qb3 Qxd2 26. Bxd2 c1=Q+
27. Bxc1 Rxc1+ 28. Nf1 Bxe4 29. Qe3 Rc4 30. Qxh6 d5 31. Bxe4
Ng4 32. Qh3 Rxe4 33. Rc3 Rb4 34. Rc2 Kg7 35. Qd3 Nf6 36. Qg3
e4 37. Qe5 Re8 38. Ne3 d4 39. Ng4 d3 40. Rc1 Bd8 41. Qc3 Rb7
42. Ne3 Rc7 43. Qd2 Rxc1+ 44. Qxc1 Bb6 45. Kf1 Bxe3 46. Qxe3
Rb8 47. Qd4 Rb5 48. Ke1 Rg5 49. g3 Rd5 50. Qc3 d2+ 51. Kd1 Rd3
52. Qe5 Rd5 53. Qf4 g5 54. Qe3 Kg6 55. h3 Rd3 56. Qb6 Kg7
57. b4 Nd5 0-1

[Event "Grand Chess Tour Paris (Blitz)"]
[Site "Paris FRA"]
[Date "2017.06.25"]
[EventDate "2017.06.21"]
[Round "17"]
[Result "1/2-1/2"]
[White "Maxime Vachier-Lagrave"]
[Black "Sergey Karjakin"]
[WhiteElo "2796"]
[BlackElo "2781"]
[PlyCount "32"]

1. e4 e5 2. Nf3 Nc6 3. Bc4 Bc5 4. c3 Nf6 5. d3 O-O 6. Bg5 h6
7. Bh4 g5 8. Bg3 d6 9. a4 a6 10. Qd2 Nh5 11. h4 Nxg3 12. fxg3
g4 13. Qxh6 gxf3 14. Qg6+ Kh8 15. Qh6+ Kg8 16. Qg6+ Kh8
1/2-1/2

[Event "Grand Chess Tour Paris (Blitz)"]
[Site "Paris FRA"]
[Date "2017.06.25"]
[EventDate "2017.06.24"]
[Round "18.3"]
[Result "1/2-1/2"]
[White "Alexander Grischuk"]
[Black "Maxime Vachier-Lagrave"]
[WhiteElo "2761"]
[BlackElo "2796"]
[PlyCount "93"]

1. d4 Nf6 2. c4 g6 3. g3 c6 4. Bg2 d5 5. Qa4 Bg7 6. cxd5 Nxd5
7. Nf3 O-O 8. O-O Bf5 9. Nbd2 Nb6 10. Qa5 Qd5 11. Qa3 Qd6
12. b3 Na6 13. e4 Bd7 14. Bb2 Rfe8 15. Rad1 Rad8 16. Qa5 Qb4
17. Qg5 c5 18. a3 Qb5 19. Qe3 Bg4 20. Rc1 cxd4 21. Nxd4 Qd7
22. e5 Nd5 23. Qe1 Bh3 24. f4 Bxg2 25. Kxg2 Rc8 26. Qe2 Nc5
27. N2f3 Ne6 28. Nxe6 Qxe6 29. Rxc8 Rxc8 30. Rc1 Rxc1 31. Bxc1
Qc6 32. Qc4 Qxc4 33. bxc4 Nb6 34. c5 Nc4 35. Kf2 f6 36. e6 f5
37. Ke2 Kf8 38. Kd3 Na5 39. Bd2 Nc6 40. Kc4 Bf6 41. a4 Ke8
42. Kd5 Kd8 43. h3 h5 44. Be1 Ke8 45. Bd2 Kd8 46. Be1 Ke8
47. Bd2 1/2-1/2

[Event "Grand Chess Tour Paris (Rapid Tiebreak)"]
[Site "Paris FRA"]
[Date "2017.06.25"]
[EventDate "2017.06.25"]
[Round "2"]
[Result "1/2-1/2"]
[White "Maxime Vachier-Lagrave"]
[Black "Magnus Carlsen"]
[WhiteElo "2796"]
[BlackElo "2832"]
[PlyCount "66"]

1. e4 e5 2. Nf3 Nc6 3. Bb5 a6 4. Ba4 Nf6 5. O-O Be7 6. Re1 b5
7. Bb3 O-O 8. c3 d5 9. exd5 Nxd5 10. Nxe5 Nxe5 11. Rxe5 c6
12. d3 Bd6 13. Re1 Bf5 14. Qf3 Qh4 15. g3 Qh3 16. Be3 Bxd3
17. Nd2 Qf5 18. Bd4 Rfe8 19. a4 Kf8 20. h4 Rxe1+ 21. Rxe1 f6
22. Qxf5 Bxf5 23. c4 Nb4 24. axb5 axb5 25. cxb5 cxb5 26. Rc1
Nd3 27. Rc6 Be5 28. Be3 Ra1+ 29. Kh2 Bd7 30. Rc2 Ne1 31. Rc5
Nd3 32. Rc2 Ne1 33. Rc5 Nd3 1/2-1/2

[Event "Your Next Move (Rapid)"]
[Site "Leuven BEL"]
[Date "2017.06.28"]
[EventDate "2017.06.28"]
[Round "1"]
[Result "1-0"]
[White "Maxime Vachier-Lagrave"]
[Black "Vassily Ivanchuk"]
[WhiteElo "2796"]
[BlackElo "2738"]
[PlyCount "75"]

1. e4 d6 2. d4 Nf6 3. Nc3 e5 4. Nf3 Nbd7 5. Bc4 Be7 6. O-O O-O
7. a4 a5 8. Re1 c6 9. Ba2 Re8 10. h3 Bf8 11. Be3 h6 12. Nh4
exd4 13. Bxd4 Nc5 14. Bxc5 dxc5 15. e5 Qxd1 16. Raxd1 Nh5
17. Ng6 Be6 18. Nxf8 Kxf8 19. Bxe6 Rxe6 20. Rd7 Rb8 21. Re3 g6
22. Rf3 Re7 23. Rxe7 Kxe7 24. Ne4 b6 25. g4 Ng7 26. Nd6 Rf8
27. Rf6 Ne6 28. f4 g5 29. f5 Nd4 30. Kf2 Nxc2 31. Rxh6 Nb4
32. Ke3 Nd5+ 33. Ke4 Rd8 34. h4 gxh4 35. g5 Rg8 36. Rh7 Rxg5
37. Rxf7+ Kd8 38. e6 1-0

[Event "Your Next Move (Rapid)"]
[Site "Leuven BEL"]
[Date "2017.06.28"]
[EventDate "2017.06.28"]
[Round "2"]
[Result "1/2-1/2"]
[White "Wesley So"]
[Black "Maxime Vachier-Lagrave"]
[WhiteElo "2812"]
[BlackElo "2796"]
[PlyCount "120"]

1. d4 Nf6 2. c4 g6 3. Nc3 d5 4. cxd5 Nxd5 5. e4 Nxc3 6. bxc3
Bg7 7. Be3 c5 8. Rc1 O-O 9. Qd2 e5 10. d5 Qd6 11. Bd3 f5
12. f3 Nd7 13. Ne2 Nf6 14. c4 fxe4 15. Bxe4 Nxe4 16. fxe4 b6
17. Bf2 Ba6 18. O-O b5 19. cxb5 Bxb5 20. Bxc5 Rxf1+ 21. Kxf1
Qa6 22. Ke1 Bc4 23. Be7 Bf8 24. d6 Bxe7 25. dxe7 Re8 26. Ng1
Bf7 27. Nf3 Rxe7 28. Qb4 Re8 29. a3 Qf6 30. Kf2 g5 31. h3 Bh5
32. Rc7 g4 33. hxg4 Bxg4 34. Qc4+ Be6 35. Qb5 Rf8 36. Kg1 Bg4
37. Qd5+ Kh8 38. Rc6 Qg7 39. Nxe5 Be2 40. Qd4 Kg8 41. Qd5+ Kh8
42. Qc5 Rg8 43. Qf2 Qxe5 44. Qxe2 Re8 45. Qf3 Qxe4 46. Qxe4
Rxe4 47. Rc8+ Kg7 48. Rc7+ Kg6 49. Rxa7 Re2 50. a4 Ra2 51. a5
h5 52. Kh2 Ra3 53. g3 Ra2+ 54. Kh3 Ra4 55. Ra8 Kg7 56. a6 Kh7
57. Kg2 Ra3 58. Kf2 Kg7 59. Kg2 Kh7 60. Kh3 Ra4 1/2-1/2

[Event "Your Next Move (Rapid)"]
[Site "Leuven BEL"]
[Date "2017.06.28"]
[EventDate "2017.06.28"]
[Round "3"]
[Result "1/2-1/2"]
[White "Maxime Vachier-Lagrave"]
[Black "Vladimir Kramnik"]
[WhiteElo "2796"]
[BlackElo "2808"]
[PlyCount "87"]

1. e4 e5 2. Nf3 Nc6 3. Bc4 Bc5 4. c3 Nf6 5. d3 O-O 6. Bg5 h6
7. Bh4 Be7 8. Nbd2 d6 9. a4 Nh5 10. Bg3 Nxg3 11. hxg3 Nb8
12. Nf1 c6 13. Ne3 Na6 14. g4 Nc7 15. Nf5 d5 16. Bb3 Bf6
17. Qe2 Ne6 18. g3 Re8 19. Kf1 b6 20. Kg2 Bb7 21. Rh2 c5
22. Bc2 Rc8 23. Rah1 c4 24. dxc4 Rxc4 25. Rd1 Nc5 26. Nd2 Rxa4
27. b4 Ra2 28. Bb1 Nxe4 29. Bxa2 Nxc3 30. Qf3 e4 31. Nxe4 dxe4
32. Nxh6+ gxh6 33. Qf5 e3+ 34. f3 Bxf3+ 35. Qxf3 Nxd1 36. Qf5
Kg7 37. Qh5 Bg5 38. Qxf7+ Kh8 39. Qg6 Re7 40. Rxh6+ Bxh6
41. Qf6+ Bg7 42. Qh4+ Bh6 43. Qf6+ Bg7 44. Qh4+ 1/2-1/2

[Event "Your Next Move (Rapid)"]
[Site "Leuven BEL"]
[Date "2017.06.29"]
[EventDate "2017.06.28"]
[Round "4"]
[Result "1/2-1/2"]
[White "Maxime Vachier-Lagrave"]
[Black "Magnus Carlsen"]
[WhiteElo "2796"]
[BlackElo "2832"]
[PlyCount "96"]

1. e4 c6 2. Nf3 d5 3. Nc3 dxe4 4. Nxe4 Nf6 5. Qe2 Bf5 6. Nxf6+
gxf6 7. d3 Nd7 8. g3 Ne5 9. Nxe5 Qa5+ 10. Bd2 Qxe5 11. Qxe5
fxe5 12. Bg2 h5 13. O-O h4 14. Rae1 f6 15. f4 hxg3 16. hxg3
exf4 17. Rxf4 Bh6 18. Rh4 Bg7 19. Rb4 Bc8 20. d4 Bf8 21. Rc4
Bh3 22. Bf3 Rd8 23. d5 cxd5 24. Rc7 Rd7 25. Rxd7 Bxd7 26. Bxd5
b6 27. c4 e5 28. b4 Ke7 29. c5 Be6 30. Bf3 Bh6 31. Bxh6 Rxh6
32. cxb6 axb6 33. a4 Rh7 34. Rc1 f5 35. Rc6 Bd7 36. Rxb6 Bxa4
37. b5 Rh8 38. Bd5 Rc8 39. Re6+ Kd7 40. Rxe5 Bxb5 41. Rxf5
Rc1+ 42. Kg2 Kd6 43. Be4 Bd7 44. Rf2 Ke5 45. Bf3 Bf5 46. g4
Rc2 47. gxf5 Rxf2+ 48. Kxf2 Kxf5 1/2-1/2

[Event "Your Next Move (Rapid)"]
[Site "Leuven BEL"]
[Date "2017.06.29"]
[EventDate "2017.06.28"]
[Round "5"]
[Result "0-1"]
[White "Baadur Aleksandrovich Jobava"]
[Black "Maxime Vachier-Lagrave"]
[WhiteElo "2707"]
[BlackElo "2796"]
[PlyCount "142"]

1. d4 Nf6 2. Bg5 d5 3. Nd2 c5 4. e3 Qb6 5. Ngf3 cxd4 6. exd4
Nc6 7. Bxf6 gxf6 8. Nb3 Rg8 9. c3 Bf5 10. g3 O-O-O 11. Bd3 Bh3
12. Nh4 Kb8 13. Bxh7 Rh8 14. Qc2 e6 15. Bd3 Rc8 16. Bf1 Bxf1
17. Kxf1 Nxd4 18. Nxd4 Qxd4 19. Qe2 Qa4 20. Nf3 Bd6 21. Kg2
Qg4 22. h3 Qg7 23. Rad1 f5 24. Kf1 Rh6 25. Rd4 f4 26. gxf4 Qh7
27. Ng5 Qf5 28. Qd3 Qxd3+ 29. Rxd3 Bxf4 30. Rg1 Rg8 31. Nf3
Rxg1+ 32. Nxg1 Bg5 33. Rg3 Bf6 34. f4 Kc7 35. Nf3 Kd6 36. Kg2
b5 37. Ng5 Ke7 38. Kf3 Rh4 39. Ke3 Bxg5 40. fxg5 a5 41. Kd2
Rh5 42. Kc2 e5 43. Kd3 Rh4 44. Kd2 b4 45. Rf3 Rh5 46. Rf5 Kd6
47. Rxf7 Rxg5 48. Rf2 Rh5 49. Rf6+ Kc5 50. Ra6 Kb5 51. Rd6 e4
52. h4 a4 53. Rd8 Kc5 54. Rc8+ Kd6 55. Rd8+ Kc7 56. Ra8 Rxh4
57. Rxa4 bxc3+ 58. Kxc3 Kd6 59. Ra8 Rh3+ 60. Kb4 d4 61. a4 d3
62. Rd8+ Ke5 63. a5 Rh1 64. a6 Ra1 65. Kb5 Ra2 66. Re8+ Kf4
67. Rf8+ Kg3 68. Rg8+ Kf3 69. Rf8+ Ke2 70. Re8 e3 71. b4 d2
0-1

[Event "Your Next Move (Rapid)"]
[Site "Leuven BEL"]
[Date "2017.06.29"]
[EventDate "2017.06.28"]
[Round "6"]
[Result "1/2-1/2"]
[White "Maxime Vachier-Lagrave"]
[Black "Anish Giri"]
[WhiteElo "2796"]
[BlackElo "2771"]
[PlyCount "87"]

1. e4 e5 2. Nf3 Nc6 3. Bc4 Bc5 4. c3 Nf6 5. d3 d6 6. O-O a6
7. a4 Ba7 8. Re1 O-O 9. h3 h6 10. b4 Ne7 11. Nbd2 Ng6 12. Nf1
c6 13. Bb3 Re8 14. Ra2 d5 15. Ng3 Be6 16. Rd2 Qc7 17. c4 dxe4
18. Nxe4 Nxe4 19. dxe4 a5 20. b5 Bc5 21. Rd3 Rad8 22. Rxd8
Rxd8 23. Qc2 f6 24. Rd1 Kh7 25. Rxd8 Qxd8 26. Ne1 Qd7 27. Qd2
Qc7 28. Nc2 Nf8 29. Ne3 Nd7 30. bxc6 bxc6 31. Bd1 Qd6 32. Qc2
Ba3 33. c5 Bxc5 34. Bg4 Bxg4 35. hxg4 Bd4 36. Bd2 Bxe3
37. Bxe3 c5 38. f3 Qc6 39. Qc4 Qb6 40. Qf7 Qb1+ 41. Kh2 Qe1
42. Qxd7 Qh4+ 43. Kg1 Qe1+ 44. Kh2 1/2-1/2

[Event "Your Next Move (Rapid)"]
[Site "Leuven BEL"]
[Date "2017.06.30"]
[EventDate "2017.06.28"]
[Round "7"]
[Result "0-1"]
[White "Viswanathan Anand"]
[Black "Maxime Vachier-Lagrave"]
[WhiteElo "2786"]
[BlackElo "2796"]
[PlyCount "160"]

1. e4 c5 2. Nf3 d6 3. d4 cxd4 4. Nxd4 Nf6 5. Nc3 a6 6. h3 e5
7. Nde2 h5 8. Bg5 Be6 9. Bxf6 Qxf6 10. Nd5 Qd8 11. Qd3 Nd7
12. O-O-O g6 13. Kb1 Rc8 14. Nec3 Bh6 15. h4 Nc5 16. Qe2 Bd7
17. f3 Ne6 18. Qf2 Rc5 19. g4 hxg4 20. fxg4 Bg5 21. Bb5 Bf4
22. Bxd7+ Kxd7 23. Na4 Rc6 24. Qa7 Ke8 25. Qxb7 Rc4 26. Nab6
Rd4 27. h5 gxh5 28. gxh5 Rxh5 29. c3 Rxd1+ 30. Rxd1 Kf8
31. Rg1 Nc5 32. Qc6 Rg5 33. Rh1 Kg7 34. Nc4 Nxe4 35. Nxf4 Ng3
36. Ne6+ fxe6 37. Qb7+ Kf6 38. Rh7 Qf8 39. Nxd6 Kg6 40. a3 Nf5
41. Nc4 Ng3 42. Ka2 e4 43. Rh3 Kf5 44. Qh7+ Kf4 45. Qc7+ e5
46. Rh7 Rf5 47. Qb6 Qg8 48. Qf2+ Kg4 49. Rg7+ Qxg7 50. Ne3+
Kh5 51. Qh2+ Kg6 52. Qxg3+ Rg5 53. Qh4 Qf7+ 54. c4 Qf4 55. Qh3
Qf3 56. Qe6+ Kh5 57. Qe8+ Kh4 58. Qh8+ Kg3 59. Nd5 Qd3 60. Qf6
Qxc4+ 61. Ka1 Qc1+ 62. Ka2 Qc4+ 63. Ka1 Qxd5 64. Qxg5+ Kf3
65. Qh5+ Ke3 66. Qh3+ Kd2 67. Qg2+ Kd3 68. Qf1+ Kc2 69. Qf2+
Qd2 70. Qc5+ Kd1 71. Qxe5 e3 72. Qh5+ e2 73. Ka2 Qd4 74. Qf3
a5 75. Kb1 a4 76. Ka1 Kd2 77. Qg2 Qe5 78. Ka2 Ke3 79. Qg1+ Kf3
80. Qe1 Qd5+ 0-1

[Event "Your Next Move (Rapid)"]
[Site "Leuven BEL"]
[Date "2017.06.30"]
[EventDate "2017.06.28"]
[Round "8"]
[Result "1-0"]
[White "Maxime Vachier-Lagrave"]
[Black "Ian Nepomniachtchi"]
[WhiteElo "2796"]
[BlackElo "2732"]
[PlyCount "99"]

1. e4 c5 2. Nf3 d6 3. Bb5+ Nd7 4. O-O a6 5. Bd3 b5 6. Re1 Bb7
7. a4 b4 8. Bc4 Ngf6 9. d3 e6 10. Nbd2 Be7 11. Nf1 O-O 12. Ng3
d5 13. Ba2 dxe4 14. dxe4 Qc7 15. Qe2 a5 16. Bc4 Bc6 17. e5
Bxf3 18. gxf3 Nd5 19. f4 N7b6 20. f5 exf5 21. Nxf5 g6 22. Nh6+
Kg7 23. Ng4 g5 24. Bd3 c4 25. Be4 Rad8 26. Qf3 f5 27. Bxf5 Nf4
28. Qe4 Nbd5 29. Bxf4 Nxf4 30. Rad1 Rxd1 31. Rxd1 Rd8 32. Re1
c3 33. b3 h5 34. Ne3 Bc5 35. e6 Rd2 36. Qf3 g4 37. Bxg4 hxg4
38. Qxg4+ Kh7 39. e7 Qxe7 40. Qxf4 Qe6 41. Qc7+ Qe7 42. Qxe7+
Bxe7 43. Nc4 Rxc2 44. Rxe7+ Kg6 45. Kg2 Rc1 46. Nxa5 Rb1
47. Rc7 Kf5 48. Rc4 Ke6 49. Nc6 Rxb3 50. Nxb4 1-0

[Event "Your Next Move (Rapid)"]
[Site "Leuven BEL"]
[Date "2017.06.30"]
[EventDate "2017.06.28"]
[Round "9"]
[Result "1-0"]
[White "Levon Aronian"]
[Black "Maxime Vachier-Lagrave"]
[WhiteElo "2793"]
[BlackElo "2796"]
[PlyCount "175"]

1. Nf3 Nf6 2. c4 c5 3. g3 g6 4. b3 b6 5. Bg2 Bb7 6. O-O Bg7
7. Bb2 O-O 8. d4 cxd4 9. Qxd4 Nc6 10. Qc3 Rc8 11. Rd1 Qc7
12. Qe1 Qb8 13. Nc3 Rfd8 14. Rac1 e6 15. Ng5 h6 16. Nge4 Nxe4
17. Bxe4 Ne7 18. Ba3 Nf5 19. Bxf5 gxf5 20. Be7 Re8 21. Bd6 Qa8
22. Nb5 Ba6 23. Nc7 Rxc7 24. Bxc7 Qc6 25. Bd6 Bb7 26. f3 e5
27. Qd2 e4 28. Qd5 Qc8 29. Qxf5 exf3 30. exf3 Re2 31. Qd3 Qe8
32. Bf4 Qe7 33. Rf1 Qc5+ 34. Kh1 Rxa2 35. Rce1 Qh5 36. Re2
Rxe2 37. Qxe2 Bc6 38. Kg2 b5 39. cxb5 Bxb5 40. Qe8+ Kh7
41. Rc1 Qd5 42. Qe4+ Qxe4 43. fxe4 Bc6 44. Rc4 Kg6 45. g4 h5
46. g5 a6 47. Kf3 f6 48. gxf6 Bxf6 49. Rc2 Kf7 50. Ke3 Bd8
51. Kd4 Ke6 52. Rg2 Bf6+ 53. Kd3 d5 54. e5 Bb5+ 55. Kc3 Bh4
56. Rg7 Bf2 57. Rg5 h4 58. Kd2 Bc5 59. Rg6+ Kf5 60. Rf6+ Ke4
61. e6 d4 62. Bh6 Be7 63. Rf7 Bb4+ 64. Kd1 Ke5 65. e7 Ke6
66. Rf4 Bxe7 67. Rxd4 Bf6 68. Rd2 Be5 69. Rf2 Bc6 70. Bf4 Bd4
71. Rd2 Bc5 72. Rc2 Kd5 73. Ke2 Bd7 74. Rd2+ Kc6 75. Kf3 Be6
76. Rd3 Kb5 77. Ke4 h3 78. Ke5 Bg4 79. Rg3 Bd7 80. Be3 Ba3
81. Bd2 Bc5 82. Rg5 Kc6 83. Rg6+ Kb5 84. Rh6 Bb6 85. Kd6 Bg4
86. Rh4 Bc5+ 87. Kc7 Be6 88. Rh5 1-0

[Event "Sinquefield Cup"]
[Site "Saint Louis, MO USA"]
[Date "2017.08.04"]
[EventDate "2017.07.31"]
[Round "3"]
[Result "1/2-1/2"]
[White "Maxime Vachier-Lagrave"]
[Black "Peter Svidler"]
[WhiteElo "2791"]
[BlackElo "2749"]
[PlyCount "85"]

1. e4 e5 2. Nf3 Nc6 3. Bb5 a6 4. Ba4 Nf6 5. O-O Be7 6. d3 b5
7. Bb3 d6 8. a3 Na5 9. Ba2 c5 10. Nc3 Be6 11. Nh4 O-O 12. Nf5
Nc6 13. Nd5 Bxf5 14. exf5 Nxd5 15. Bxd5 Rc8 16. a4 Bf6
17. axb5 axb5 18. c4 bxc4 19. dxc4 Bg5 20. Be3 Kh8 21. Qh5 h6
22. Bxf7 Nd4 23. h4 Bxe3 24. fxe3 Qf6 25. Ra7 Ne2+ 26. Qxe2
Rxf7 27. Rxf7 Qxf7 28. Qg4 Rb8 29. Ra1 Qf6 30. Qe4 Kh7 31. Ra2
h5 32. Kh2 d5 33. Qxd5 Qxh4+ 34. Kg1 Qe1+ 35. Kh2 Qh4+ 36. Kg1
Qe1+ 37. Kh2 Qxe3 38. Qf7 Qf4+ 39. Kh1 Qh4+ 40. Kg1 Qe1+
41. Kh2 Qh4+ 42. Kg1 Qd4+ 43. Kh1 1/2-1/2

[Event "Sinquefield Cup"]
[Site "Saint Louis, MO USA"]
[Date "2017.08.11"]
[EventDate "2017.07.31"]
[Round "9"]
[Result "1-0"]
[White "Maxime Vachier-Lagrave"]
[Black "Ian Nepomniachtchi"]
[WhiteElo "2791"]
[BlackElo "2742"]
[PlyCount "103"]

1. e4 c5 2. Nf3 d6 3. d4 cxd4 4. Nxd4 Nf6 5. Nc3 a6 6. Be2 e5
7. Nf3 Be7 8. Bg5 Nbd7 9. a4 O-O 10. Nd2 Nc5 11. Bxf6 Bxf6
12. Nc4 Be7 13. a5 Rb8 14. Nb6 Nd7 15. Ncd5 Nxb6 16. Nxb6 Be6
17. Bc4 Qc7 18. Qd3 Bd8 19. c3 Qc6 20. Bd5 Qe8 21. Bxe6 Qxe6
22. Nd5 f5 23. O-O Rc8 24. Rfd1 fxe4 25. Qxe4 Qf5 26. Qe2 Kh8
27. c4 Bh4 28. g3 Bg5 29. Ra3 Rce8 30. h4 Bd8 31. b4 Qg6
32. h5 Qf5 33. Ne3 Qe6 34. Rad3 Be7 35. Nd5 Bd8 36. Rf3 Rxf3
37. Qxf3 Kg8 38. Kg2 e4 39. Qe2 Qe5 40. Ne3 Bg5 41. Rd5 Qf6
42. Nf5 Re6 43. c5 dxc5 44. Qc4 Qf7 45. Rxc5 h6 46. Rc8+ Kh7
47. g4 Re7 48. Qd4 Re6 49. Qd5 g6 50. hxg6+ Kxg6 51. Rf8 Qxf8
52. Qxe6+ 1-0

[Event "Chess.com Speed Championship"]
[Site "chess.com INT"]
[Date "2017.08.30"]
[EventDate "2017.05.03"]
[Round "1.1"]
[Result "1/2-1/2"]
[White "Jeffery Xiong"]
[Black "Maxime Vachier-Lagrave"]
[WhiteElo "2652"]
[BlackElo "2795"]
[PlyCount "31"]

1. d4 Nf6 2. c4 g6 3. g3 Bg7 4. Bg2 c5 5. d5 O-O 6. Nc3 d6
7. Nf3 e6 8. O-O exd5 9. cxd5 a6 10. a4 Re8 11. Bf4 Bf5
12. Nh4 Bc8 13. Nf3 Bf5 14. Nh4 Bc8 15. Nf3 Bf5 16. Nh4
1/2-1/2

[Event "Chess.com Speed Championship"]
[Site "chess.com INT"]
[Date "2017.08.30"]
[EventDate "2017.05.03"]
[Round "1.2"]
[Result "1-0"]
[White "Maxime Vachier-Lagrave"]
[Black "Jeffery Xiong"]
[WhiteElo "2795"]
[BlackElo "2652"]
[PlyCount "51"]

1. e4 c5 2. Nf3 d6 3. d4 Nf6 4. Nc3 cxd4 5. Nxd4 a6 6. Be2 e5
7. Nf3 Be7 8. Bg5 Nbd7 9. a4 Qb6 10. a5 Qxb2 11. Bd2 Qb4
12. Nd5 Qc5 13. Bb4 Qc6 14. Nxe7 Kxe7 15. Nxe5 Nxe5 16. Qd4
Ke8 17. Bxd6 Ng6 18. f3 Be6 19. c4 Rd8 20. c5 Nd7 21. Rd1 f6
22. O-O Kf7 23. f4 Nxc5 24. f5 Ne5 25. fxe6+ Nxe6 26. Qxe5 1-0

[Event "Chess.com Speed Championship"]
[Site "chess.com INT"]
[Date "2017.08.30"]
[EventDate "2017.05.03"]
[Round "1.3"]
[Result "1-0"]
[White "Jeffery Xiong"]
[Black "Maxime Vachier-Lagrave"]
[WhiteElo "2652"]
[BlackElo "2795"]
[PlyCount "95"]

1. e4 c5 2. Nf3 d6 3. d4 cxd4 4. Qxd4 Nf6 5. Bg5 e6 6. Nc3 Be7
7. Bb5+ Bd7 8. O-O-O Bxb5 9. Nxb5 O-O 10. Bxf6 Bxf6 11. Qxd6
Nc6 12. Qxd8 Rfxd8 13. c3 a6 14. Nbd4 Ne5 15. Nxe5 Bxe5
16. Nf3 Bf4+ 17. Kc2 Kf8 18. Rxd8+ Rxd8 19. Rd1 Rxd1 20. Kxd1
Ke7 21. g3 Bc7 22. Nd2 g5 23. Ke2 h5 24. a4 g4 25. Nc4 f5
26. exf5 exf5 27. Ne3 Ke6 28. Ng2 Kd5 29. Kd3 Kd6 30. Nf4 h4
31. gxh4 Ke5 32. Ne2 Kf6 33. Ng3 f4 34. Ne2 f3 35. Ng3 Bb6
36. Kd2 Kg6 37. Ke1 Bd8 38. h5+ Kg5 39. Kf1 Bc7 40. Kg1 Be5
41. Ne4+ Kxh5 42. Nc5 Kh4 43. Nxb7 Kh3 44. Nc5 Bxh2+ 45. Kf1
a5 46. b4 Bd6 47. Nd3 axb4 48. cxb4 1-0

[Event "Chess.com Speed Championship"]
[Site "chess.com INT"]
[Date "2017.08.30"]
[EventDate "2017.05.03"]
[Round "1.4"]
[Result "1/2-1/2"]
[White "Maxime Vachier-Lagrave"]
[Black "Jeffery Xiong"]
[WhiteElo "2795"]
[BlackElo "2652"]
[PlyCount "123"]

1. e4 e5 2. Nf3 Nc6 3. Bb5 Nf6 4. O-O Nxe4 5. d4 Nd6 6. Bxc6
dxc6 7. dxe5 Ne4 8. Qxd8+ Kxd8 9. Re1 Nc5 10. Nc3 Bf5 11. Nd4
Bg6 12. Nce2 Ne6 13. Be3 Nxd4 14. Nxd4 c5 15. Ne2 Kd7 16. Nf4
Re8 17. Rad1+ Kc6 18. Nxg6 hxg6 19. Bf4 Rh5 20. g4 Rh8 21. Kg2
c4 22. a4 a6 23. b3 Bc5 24. bxc4 Re6 25. Bg3 g5 26. Rd5 b5
27. axb5+ axb5 28. Rd3 bxc4 29. Rc3 Kd5 30. Rd1+ Bd4 31. Ra3
c3 32. Rxc3 c5 33. Rf3 Kc4 34. Rxf7 Bxe5 35. Re1 Rhe8 36. Re4+
Bd4 37. Rxe6 Rxe6 38. Rf5 Kc3 39. Rxg5 Kxc2 40. Rd5 Kd3 41. f4
Re2+ 42. Kf1 Ra2 43. f5 Ke4 44. Rd7 Kf3 45. Ke1 Kxg4 46. Rd5
Kf3 47. Rd7 Ke4 48. Bd6 c4 49. Bf8 c3 50. Rc7 c2 51. f6 Bxf6
52. Bb4 Bg5 53. Bd2 Ra1+ 54. Ke2 Bxd2 55. Kxd2 c1=Q+ 56. Rxc1
Rxc1 57. Kxc1 Kf3 58. Kd2 Kg2 59. Ke3 g5 60. Ke4 Kxh2 61. Kf5
Kg3 62. Kxg5 1/2-1/2

[Event "Chess.com Speed Championship"]
[Site "chess.com INT"]
[Date "2017.08.30"]
[EventDate "2017.05.03"]
[Round "1.5"]
[Result "1/2-1/2"]
[White "Jeffery Xiong"]
[Black "Maxime Vachier-Lagrave"]
[WhiteElo "2652"]
[BlackElo "2795"]
[PlyCount "42"]

1. d4 Nf6 2. c4 g6 3. Nf3 Bg7 4. g3 O-O 5. Bg2 c6 6. Nc3 d5
7. cxd5 cxd5 8. Ne5 b6 9. O-O Bb7 10. Qa4 a6 11. Bg5 Ne4
12. Be3 Nxc3 13. bxc3 b5 14. Qb3 Nd7 15. a4 Nxe5 16. dxe5 Bxe5
17. axb5 axb5 18. Qxb5 Bxc3 19. Rac1 Ba6 20. Qxd5 Qxd5
21. Bxd5 Rac8 1/2-1/2

[Event "Chess.com Speed Championship"]
[Site "chess.com INT"]
[Date "2017.08.30"]
[EventDate "2017.05.03"]
[Round "1.6"]
[Result "1-0"]
[White "Maxime Vachier-Lagrave"]
[Black "Jeffery Xiong"]
[WhiteElo "2795"]
[BlackElo "2652"]
[PlyCount "101"]

1. e4 e5 2. Nf3 Nc6 3. Bb5 Nf6 4. O-O Nxe4 5. d4 Nd6 6. Bxc6
dxc6 7. dxe5 Ne4 8. Qe2 Bf5 9. Rd1 Qc8 10. Nh4 Be7 11. Nxf5
Qxf5 12. f3 Nc5 13. Nc3 O-O 14. g4 Qe6 15. f4 f5 16. exf6 Bxf6
17. Qxe6+ Nxe6 18. Ne4 Nxf4 19. Bxf4 Bxb2 20. Bxc7 Bxa1
21. Rxa1 Rae8 22. Ng3 Rf3 23. Rd1 Rc3 24. Rd2 Re1+ 25. Kg2 Rc1
26. Rd8+ Kf7 27. Rd7+ Ke6 28. Rxg7 R1xc2+ 29. Kh3 Rxa2
30. Rxh7 b5 31. g5 Rcc2 32. g6 Rxh2+ 33. Kg4 Rhg2 34. Bd8 Ra3
35. Bh4 Rh2 36. Re7+ Kd6 37. g7 Rxh4+ 38. Kxh4 Kxe7 39. g8=Q
Ra4+ 40. Kg5 Kd6 41. Qf8+ Kc7 42. Nf5 Re4 43. Qd6+ Kb6
44. Qb8+ Ka6 45. Nd6 Re7 46. Kf6 Rh7 47. Ke5 Ka5 48. Qd8+ Kb4
49. Qf8 c5 50. Qf1 c4 51. Qb1+ 1-0

[Event "Chess.com Speed Championship"]
[Site "chess.com INT"]
[Date "2017.08.30"]
[EventDate "2017.05.03"]
[Round "1.8"]
[Result "1/2-1/2"]
[White "Maxime Vachier-Lagrave"]
[Black "Jeffery Xiong"]
[WhiteElo "2795"]
[BlackElo "2652"]
[PlyCount "129"]

1. e4 e5 2. Nf3 Nc6 3. Bb5 Nf6 4. O-O Nxe4 5. d4 Nd6 6. Bxc6
dxc6 7. dxe5 Ne4 8. Qxd8+ Kxd8 9. Re1 Nc5 10. Nc3 Ne6 11. Be3
b6 12. Rad1+ Ke8 13. Ne4 Be7 14. h4 h6 15. h5 Bb7 16. Ng3 c5
17. Nh2 Rd8 18. Ng4 Bg5 19. Nf5 Rxd1 20. Rxd1 Bxe3 21. Nfxe3
Nf4 22. e6 Nxe6 23. Nf5 Be4 24. Nxg7+ Nxg7 25. Nf6+ Ke7
26. Nxe4 Nxh5 27. Nc3 Rd8 28. Rxd8 Kxd8 29. Kh2 Kd7 30. g4 Nf6
31. Kg3 a6 32. f4 Ke6 33. Kh4 b5 34. Ne2 Nd5 35. Kh5 f5
36. Kxh6 fxg4 37. Kg5 Ne3 38. c3 b4 39. Ng3 Nd1 40. Kg6 Nxb2
41. f5+ Kd5 42. f6 Nc4 43. Ne2 Nd6 44. Kg5 Ne4+ 45. Kf5 Nxf6
46. Kxf6 Kc4 47. cxb4 cxb4 48. Kf5 Kd3 49. Nf4+ Kc2 50. Kxg4
Kb1 51. Nd5 a5 52. Kf3 Kxa2 53. Ke2 c5 54. Kd3 Kb3 55. Kd2 a4
56. Kc1 Ka2 57. Ne3 b3 58. Nc4 a3 59. Nd2 c4 60. Nb1 Ka1
61. Nxa3 c3 62. Nb1 c2 63. Nd2 b2+ 64. Kxc2 b1=R 65. Nxb1
1/2-1/2

[Event "Chess.com Speed Championship"]
[Site "chess.com INT"]
[Date "2017.08.30"]
[EventDate "2017.05.03"]
[Round "1.9"]
[Result "0-1"]
[White "Jeffery Xiong"]
[Black "Maxime Vachier-Lagrave"]
[WhiteElo "2652"]
[BlackElo "2795"]
[PlyCount "84"]

1. d4 Nf6 2. c4 g6 3. Nf3 Bg7 4. g3 O-O 5. Bg2 c5 6. Nc3 cxd4
7. Nxd4 Qc7 8. Nd5 Nxd5 9. cxd5 Qb6 10. Nb3 d6 11. O-O Bd7
12. Be3 Qa6 13. Bd4 Ba4 14. Bxg7 Kxg7 15. Qd4+ Kg8 16. e4 Nd7
17. Rfc1 Rfc8 18. Bf1 Bb5 19. Bxb5 Qxb5 20. Rc3 Rxc3 21. Qxc3
Qa4 22. Nd4 Nc5 23. Re1 Qxa2 24. b4 Na4 25. Qc7 Qd2 26. Nf3
Qxb4 27. Qxe7 Rf8 28. e5 Nc3 29. exd6 Nxd5 30. Qe5 Nb6 31. Ng5
Nc4 32. Qe4 Qa5 33. Nxf7 Rxf7 34. d7 Nd6 35. Qe6 Qc7 36. Qe8+
Rf8 37. Qe7 Qb6 38. Qe6+ Nf7 39. Qd5 Qc6 40. Qd4 Qd6 41. Qa4
Qc6 42. Qa5 Qxd7 0-1

[Event "Chess.com Speed Championship"]
[Site "chess.com INT"]
[Date "2017.08.30"]
[EventDate "2017.05.03"]
[Round "1.10"]
[Result "0-1"]
[White "Maxime Vachier-Lagrave"]
[Black "Jeffery Xiong"]
[WhiteElo "2795"]
[BlackElo "2652"]
[PlyCount "56"]

1. e4 e5 2. Nf3 Nc6 3. Bc4 Bc5 4. c3 Nf6 5. d3 O-O 6. Bg5 h6
7. Bh4 Be7 8. Bg3 d6 9. Nbd2 Na5 10. Bb5 a6 11. Ba4 c5 12. Nf1
b5 13. Bc2 Nh5 14. Ne3 Be6 15. Nd2 Nxg3 16. hxg3 Bg5 17. Nf5
d5 18. Nf3 Nc6 19. g4 d4 20. a4 dxc3 21. bxc3 b4 22. cxb4 cxb4
23. Bb3 Na5 24. Bd5 Bxd5 25. exd5 Bf6 26. Qd2 Re8 27. Qxb4 e4
28. dxe4 Rb8 0-1